000 00542nam a2200229Ia 4500
003 OSt
005 20220912152951.0
006 a|||||r|||| 00| 0
007 ta
008 220909b |||||||| |||| 00| 0 eng d
024 _a27653
037 _cTextual
040 _aCSL
_beng
_cCSL
041 _aeng
082 _aC294:8, F0
100 _aJaeger F M
245 0 _aLectures on the principle of symmetry
260 _c1920
300 _ap.
_ccm.
942 _hC294:8, F0
_cTEXL
_2CC
999 _c95148
_d95148